The Role of Women in Shakespeare´s Works diplomová práca

Enregistré dans:
Détails bibliographiques
Auteur principal: Šteflovičová, Zuzana
Collectivité auteur: Fakulta aplikovaných jazykov EU v Bratislave. Katedra interkultúrnej komunikácie
Autres auteurs: Stradiotová, Eva, 1963-
Format: Livre
Langue:anglais
Publié: Bratislava 2017
Tags: Ajouter un tag
Pas de tags, Soyez le premier à ajouter un tag!

MARC

LEADER 00000nbm a2200000 4500
001 0231469
005 20180215144534.3
041 0 |a eng 
044 |a SK 
245 1 0 |a The Role of Women in Shakespeare´s Works  |b diplomová práca  |c Zuzana Šteflovičová ; školiteľ: Eva Stradiotová 
264 1 |a Bratislava  |c 2017 
300 |a 85 s. 
100 1 |a Šteflovičová, Zuzana 
700 1 |a Stradiotová, Eva, 1963- 
710 2 |a Fakulta aplikovaných jazykov EU v Bratislave. Katedra interkultúrnej komunikácie